|
|
|
|
| LEADER |
00763nam a2200217 a 4500 |
| 001 |
c000263291 |
| 003 |
CARM |
| 005 |
20070622135115.0 |
| 008 |
891027r19721962enk 000 0 eng d |
| 019 |
1 |
|
|a 50071543
|5 LACONCORD2021
|
| 020 |
|
|
|a 0340013087 (pbk.)
|
| 035 |
|
|
|a (OCoLC)812539723
|5 LACONCORD2021
|
| 040 |
|
|
|a VCAV
|b eng
|c VCAV
|
| 100 |
1 |
|
|a Graham, Winston.
|
| 245 |
1 |
0 |
|a Marnie /
|c Winston Graham.
|
| 250 |
|
|
|a Coronet ed.
|
| 260 |
|
|
|a London :
|b Coronet ;
|b Hodder Paperbacks,
|c 1962 (1972 reprint).
|
| 300 |
|
|
|a 253 p.
|
| 852 |
8 |
|
|b CARM
|h A1:AN11A0
|i A04285
|p 0380691
|f BK
|
| 999 |
f |
f |
|i c41366f8-d1c7-5b4e-9fe4-4784b26dd465
|s 1753412a-7b86-5fea-bd66-d144fcee8a2e
|
| 952 |
f |
f |
|p Can circulate
|a CAVAL
|b CAVAL
|c CAVAL
|d CARM 1 Store
|e A04285
|f A1:AN11A0
|h Other scheme
|i book
|m 0380691
|